00425nam a2200193Ia 4500003000900000008004100009040001300050040001300063041000800076100002300084245003600107250001200143260001500155260000900170300001100179300001000190490002300200490000800223IT-RoPAU120407s9999 xx 000 0 und d aIT-RoPAU cIT-RoPAU aita aAdrienne von Speyr aEsperienza di preghiera. 2a ed. aMilano  aJaca Book  c1990 a110 p. c23 cm aGià e non ancora v183